000 00680nam a22002297a 4500
005 20210426081833.0
008 210215s2013 ||||| |||| 00| 0 eng d
020 _a9780199541119 (hbk)
020 _a9780199679164 (pbk)
040 _aeng
_cDLC
041 _aeng
080 _a811
_bT-17
100 _9866
_aTallerman, Maggie
_eEditor
245 _aThe Oxford Handbook of Language Evolution
_c/ by: Oxford University Press
250 _a1st edition
260 _aOxford, UK
_bOxford University Press
_c2013
300 _a763 p.
_bill.
650 0 _9445
_aLinguistics
653 _aლინგვისტიკა
700 _9867
_aGibson, R. Kathleen
942 _2udc
_cBK
_e1
999 _c1374
_d1374